Capitals of South America - Backwards - Statistics

General Stats
  • This quiz has been taken 45 times
  • The average score is 10 of 12
Answers on the Map
Answers color-coded by a green-red scale on the quiz's map according to % correct below.
 
Answer Stats
Country % Correct
Atogob
97%
Amil
94%
Otiuq
94%
Oedivetnom
91%
Ailisarb
89%
Ogaitnas
89%
Sacarac
89%
Seria Soneub
83%
Nwotegroeg
77%
Ercus
74%
Noicnusa
74%
Obiramarap
71%
No matching quizzes found
Score Distribution
Percent of People with Each Score
Percentile by Number Answered
Your Score History
You have not taken this quiz